Efeito da Fertilização Amoniacal na Aclimatação de Ingá Sob Alta e Moderada Irradiância (Registro n. 340270)
[ somente texto ]
| 000 -LÍDER | |
|---|---|
| fixed length control field | 03657nab a2200277 i 4500 |
| 003 - CÓDIGO MARC DA AGÊNCIA CATALOGADORA | |
| Campo de controle | BR-BrBNA |
| 005 - DATA E HORA DA ÚLTIMA ATUALIZAÇÃO | |
| Campo de controle | 20260305085335.0 |
| 008 - CAMPO DE TAMANHO FIXO | |
| fixed length control field | 260305b2017 bl.ar|pooa||| 00| 0 por | |
| 040 ## - FONTE DA CATALOGAÇÃO | |
| Agência catalogadora | BR-BrBNA |
| Idioma da catalogação | por |
| 072 ## - CATEGORIA AGRIS | |
| Código AGRIS | F04 |
| Código do objeto | 3820 |
| 100 ## - ENTRADA PRINCIPAL - NOME PESSOAL | |
| Nome pessoal | Santos, Ana Maria Silva dos |
| 100 ## - ENTRADA PRINCIPAL - NOME PESSOAL | |
| Nome pessoal | Ferreira, Marciel José |
| 100 ## - ENTRADA PRINCIPAL - NOME PESSOAL | |
| Nome pessoal | Gonçalves, José Francisco de Carvalho |
| 100 ## - ENTRADA PRINCIPAL - NOME PESSOAL | |
| Nome pessoal | Justino, Gilberto Costa |
| 245 ## - TÍTULO PRINCIPAL | |
| Título principal | Efeito da Fertilização Amoniacal na Aclimatação de Ingá Sob Alta e Moderada Irradiância |
| 500 ## - NOTA GERAL | |
| Nota geral | Publicação on-line; 43 ref.; 1 table; 2 illus.; Summaries (En, Pt) |
| 942 ## - ADDED ENTRY ELEMENTS (KOHA) | |
| Koha item type | Analítica |
| 520 ## - NOTA DE RESUMO | |
| Nota de conteúdo | <br/><br/>RESUMO<br/><br/>O nitrogênio pode ser determinante para a tolerância das plantas a fatores de estresse como a<br/>alta irradiância. O objetivo deste trabalho foi investigar o efeito da fertilização amoniacal na<br/>aclimatação de plantas jovens de ingá sob dois ambientes de luz. O acúmulo e partição de matéria<br/>seca, o crescimento, a capacidade fotossintética e os teores foliares de nitrogênio (N) foram<br/>analisados em plantas submetidas a irradiância moderada = 554,4 ± 81 µmol de fótons m-2 s-1 e alta<br/>irradiância = 1941 ± 12,3 µmol de fótons m-2 s-1. Os maiores valores de matéria seca, crescimento<br/>e fotossíntese foram verificados em plantas sob moderada e alta irradiância fertilizadas com<br/>amônio. A área foliar específica foi maior nas plantas sob moderada irradiância, enquanto que<br/>os tratamentos controle e com a participação do N não diferiram entre si, independentemente do<br/>ambiente de luz. A fertilização amoniacal contribuiu para a aclimatação e promoveu o acúmulo de<br/>massa seca dos ingás sob moderada e alta irradiância, enquanto plantas crescendo sob moderada<br/>irradiância investiram em estratégias de interceptação de energia (e.g., área foliar específica).<br/>Palavras-chave: Inga edulis, Fabaceae arbórea, nitrogênio, crescimento, luz.<br/><br/>Effect of Ammonium Fertilization on Acclimation of Ingá to High and Moderate Irradiance<br/><br/><br/><br/><br/><br/><br/><br/>ABSTRACT<br/><br/>Nitrogen can be decisive for the tolerance of plants to stress factors such as high irradiance.<br/>This work aimed to investigate the effect of ammonium fertilization during acclimation of<br/>young ingá plants under two light environments. Accumulation and partitioning of dry matter,<br/>growth, photosynthetic capacity and leaf nitrogen content were analyzed in ingá plants subjected<br/>to moderate and high irradiance of 554.4±81 µmol photons m-2 s-1 and 1941±12.3 µmol photons<br/>m-2 s-1, respectively. The highest values of dry matter, growth and photosynthesis were observed in<br/>plants subjected to moderate and high irradiance fertilized with ammonium. The specific leaf area<br/>was higher in plants under moderate irradiance, while the treatments control and N fertilization<br/>showed no differences, independent of light condition. The ammonium fertilization contributed<br/>to acclimation and dry matter accumulation of ingá under moderate and high irradiance,<br/>while plants subjected to moderate irradiance invested in strategies for energy interception<br/>(e.g. specific leaf area).<br/><br/>Keywords: Inga edulis, leguminous tree species, nitrogen, growth, light. |
| 650 ## - ASSUNTO - THESAGRO | |
| Cabeçalho tópico ou nome geográfico | INGÁ EDULIS |
| 650 ## - ASSUNTO - THESAGRO | |
| Cabeçalho tópico ou nome geográfico | NITROGÊNIO |
| 650 ## - ASSUNTO - THESAGRO | |
| Cabeçalho tópico ou nome geográfico | CRESCIMENTO |
| 650 ## - ASSUNTO - THESAGRO | |
| Cabeçalho tópico ou nome geográfico | RADIAÇÃO LUMINOSA |
| 773 0# - ENTRADA ANALÍTICA | |
| Host Biblionumber | 2929 |
| Registro do item | 347945 |
| Imprenta | Rio de Janeiro-RJ Instituto de Florestas - UFRRJ 1994 |
| Outro identificador | 2025-0444 |
| Título | Floresta e Ambiente (Brazil) |
| ISSN | 1415-0980 / ISSN 2179-8087 0nline |
| Colação | v. 24 p. 1-10; (2017) |
| Número de controle de registro | BR2026000180 |
| 856 ## - ACESSO E ENDEREÇO ELETRÔNICO | |
| Identificador uniforme de recurso - URI | https://www.scielo.br/j/floram/a/crfZHpkfyKpHy5YRd3JCNbJ/?format=pdf&lang=pt |
Nenhum exemplar disponível.

BINAGRI